00773nas a2200229Ia 4500001001100000003000900011008004100020040001300061040001300074041001300087100004500100210001700145222001700162245006800179250001100247260003100258501008600289300001900375362003700394500007600431650003600507R010/67332IT-RoPAU151124c99999999xx |||||||||||| ||und|| aIT-RoPAU cIT-RoPAU aITALIANO aMartini SteliogCodice Aut. SPICS: 4087 aCINEMA NUOVO aCinema Nuovo aCINEMA NUOVO, ANNO 03-N.033 (15 APRILE 1954)bUna Romana Fedele a1a ed. aMILANObCINEMA NUOVOc1954 bPaulus - SPICS - Società San Paolo EM (non-commercial uses only)cCopyright2015 a3 p. [204-206] aANNO 003, N.033 (15 APRILE 1954) aA Proposito del Film "La Romana" di Luigi Zampa Dal Romanzo di Moravia. aCINEMAvPUBBLICAZIONE PERIODICA